[Event "Mumbai ICS-ch"]
[Site "Mumbai"]
[Date "2022.10.02"]
[Round "7"]
[White "Pawar, Sohum"]
[Black "Dodhiya, Punit"]
[Result "1-0"]
[WhiteElo "1468"]
[BlackElo "1403"]
[PlyCount "35"]
[EventDate "2022.09.25"]
[EventType "swiss"]
[EventRounds "8"]
[EventCountry "IND"]
[SourceTitle "EXT 2023"]
[Source "ChessBase"]
[SourceDate "2022.10.05"]
[SourceVersion "1"]
[SourceVersionDate "2022.10.05"]
[SourceQuality "1"]

1. d4 e6 2. Bf4 f5 3. Nc3 Nf6 4. Qd3 b6 5. d5 Nh5 6. dxe6 Nxf4 7. Qf3 Nc6 8. exd7+ Bxd7 9. Qxf4 Bd6 10. Qe3+ Kf7 11. Nf3 Re8 12. Qd2 Qe7 13. e3 Be6 14. Bb5 Bd7 15. Qd5+ Be6 16. Qxc6 Red8 17. Bc4 h6 18. Nd4 1-0